000 00279nam a22001217a 4500
008 181105b xxu||||| |||| 00| 0 eng d
041 _aeng
080 _25 TH
_a610
100 _a3
101 _aSHM
245 _aClinical Medicine For Student
_c Tore.D.M
942 _2udc
_cBK
999 _c51865
_d51865